MARC details
| 000 -CABECERA |
| campo de control de longitud fija |
01056nam a2200289 i 4500 |
| 003 - IDENTIFICADOR DEL NÚMERO DE CONTROL |
| campo de control |
DO-SdBNP |
| 005 - FECHA Y HORA DE LA ÚLTIMA TRANSACCIÓN |
| campo de control |
20250606112336.0 |
| 007 - CAMPO FIJO DE DESCRIPCIÓN FÍSICA--INFORMACIÓN GENERAL |
| campo de control de longitud fija |
ta |
| 008 - DATOS DE LONGITUD FIJA--INFORMACIÓN GENERAL |
| campo de control de longitud fija |
240307b2001 dr ac||| |||| 00| 0 spa d |
| 020 ## - NÚMERO INTERNACIONAL ESTÁNDAR DEL LIBRO |
| Número Internacional Estándar del Libro |
9993423262 |
| 040 ## - FUENTE DE LA CATALOGACIÓN |
| Centro catalogador/agencia de origen |
DO-SdBNP |
| Lengua de catalogación |
spa |
| Centro/agencia transcriptor |
BNPHU |
| Normas de descripción |
rda |
| 041 ## - CÓDIGO DE LENGUA |
| Código de lengua original |
spa |
| 082 #4 - NÚMERO DE LA CLASIFICACIÓN DECIMAL DEWEY |
| Número de clasificación |
xxx |
| Número de documento/Ítem |
M647v |
| Número de edición |
22 |
| 100 1# - ENTRADA PRINCIPAL--NOMBRE DE PERSONA |
| Nombre de persona |
Miller, Jeannette, |
| Fechas asociadas al nombre |
1944- |
| Término indicativo de función/relación |
autor |
| Código de función/relación |
aut. |
| 9 (RLIN) |
83484 |
| 245 10 - MENCIÓN DE TÍTULO |
| Título |
Tesoros de arte del banco popular dominicano / |
| Mención de responsabilidad, etc. |
Jeannette Miller ; traducción al inglés, Donna Hicks de Pérez-Mera |
| 264 #1 - PRODUCCIÓN, PUBLICACIÓN, DISTRIBUCIÓN, FABRICACIÓN Y COPYRIGHT |
| Producción, publicación, distribución, fabricación y copyright |
Santo Domingo : |
| Nombre del de productor, editor, distribuidor, fabricante |
Banco Popular Dominicano, |
| Fecha de producción, publicación, distribución, fabricación o copyright |
2001. |
| 300 ## - DESCRIPCIÓN FÍSICA |
| Extensión |
412 páginas : |
| Otras características físicas |
lustraciones, retratos ; |
| Dimensiones |
36 cm. |
| 336 ## - TIPO DE CONTENIDO |
| Término de tipo de contenido |
texto |
| Código de tipo de contenido |
txt |
| Fuente |
rdacontent |
| 337 ## - TIPO DE MEDIO |
| Fuente |
rdamedia |
| Nombre/término del tipo de medio |
sin mediación |
| Código del tipo de medio |
n |
| 338 ## - TIPO DE SOPORTE |
| Nombre/término del tipo de soporte |
volumen |
| Código del tipo de soporte |
nc |
| Fuente |
rdacarrier |
| 500 ## - NOTA GENERAL |
| Nota general |
Incluye datos biográficos de la autora en las solapas |
| 586 ## - NOTA DE PREMIOS |
| Nota de premios |
Finalista Premio Internacional de Novela Casa de Teatro 2005 |
| 590 ## - NOTA LOCAL (RLIN) |
| Nota local |
Inventariado, 2024/ BT |
| 700 1# - PUNTO DE ACCESO ADICIONAL--NOMBRE DE PERSONA |
| Nombre de persona |
Veloz Maggiolo, Marcio, |
| Fechas asociadas al nombre |
1936-2021 |
| Término indicativo de función/relación |
traductor |
| Código de función/relación |
tr. |
| 9 (RLIN) |
1104 |
| 910 ## - DATOS DE OPCIÓN DEL USUARIO (OCLC) |
| Datos de opción del usuario |
Btavárez |
| 942 ## - ELEMENTOS DE PUNTO DE ACCESO ADICIONAL (KOHA) |
| Fuente del sistema de clasificación o colocación |
Dewey Decimal Classification |
| Tipo de ítem Koha |
Libro |